Culturas híbridas: estrategias para entrar y salir de la modernidad
Guardat en:
| Autor principal: | |
|---|---|
| Format: | Llibre |
| Publicat: |
Buenos Aires, Argentina:
Paidós,
2001.
|
| Edició: | 1ª edición actualizada. |
| Col·lecció: | Paidós Estado y Sociedad ;
|
| Matèries: | |
| Etiquetes: |
Afegir etiqueta
Sense etiquetes, Sigues el primer a etiquetar aquest registre!
|
MARC
| LEADER | 00000nam a22000007a 4500 | ||
|---|---|---|---|
| 003 | CL-VaPUC | ||
| 005 | 20250407202444.0 | ||
| 008 | 250312t2001 ||||| |||| 00| 0 eng d | ||
| 999 | |c 447297 |d 447295 | ||
| 020 | |a 978-950-12-4508-7 | ||
| 040 | |c Pontificia Universidad Católica de Valparaíso | ||
| 082 | 0 | 4 | |a 306 GAR 2001 |2 21 |
| 100 | |a García Canclini, Néstor |e autor |9 536669 | ||
| 245 | 1 | 0 | |a Culturas híbridas: |b estrategias para entrar y salir de la modernidad |
| 250 | |a 1ª edición actualizada. | ||
| 260 | |a Buenos Aires, Argentina: |b Paidós, |c 2001. | ||
| 300 | |a 349 páginas. | ||
| 490 | 0 | |a Paidós Estado y Sociedad ; |n 87. | |
| 500 | |a c.1. Instituto Arcos 8-1-2025. | ||
| 583 | |a last modification |c 20020726 00:00:00 |k GC | ||
| 650 | 0 | |a Antropología cultural y social |9 265143 | |
| 650 | 0 | |a Postmodernismo |z América Latina |9 896741 | |
| 942 | |c BK |2 ddc |n 0 | ||
| 952 | |0 0 |1 0 |2 ddc |4 0 |6 306_000000000000000_GAR_2001 |7 0 |8 A |9 601135 |a BIBINC |b BIBINC |d 2025-03-12 |e Instituto Arcos |i 5665999 |o 306 GAR 2001 |p 5665999 |r 2025-03-12 |t 1 |w 2025-03-12 |y BK |k IFP | ||